Larry Et Ses Feats - Statistiques

Statistiques générales
  • Ce quiz a été pris 9 fois
    6 depuis la dernière actualisation
  • Le résultat moyen est 7 sur 24
Statistiques - réponses
Rappeur Nom du titre % Correct
RK Woin Woin
100%
Maes Colis
80%
Leto Double L
80%
Zed 187
60%
Hamza Goosebumps
60%
Sofiane 1 pour tous
40%
Médine - Pirate - Oxmo Puccino - Koba LaD - Rémy Grand Paris 2
40%
Stavo Malsain
40%
Shotas B
20%
Gambino La MG Charcle
20%
GHILE Du quartier a cartier
20%
Negrito Full virgule
20%
Rémy Grammes
20%
a2z Hall Access
20%
Kerchak - LEVELSANTANA Ice Ice
20%
Eafia Mbappè
20%
Ashafar Medellin
20%
Kepler Rondo Numba Nine
20%
100 Blaze T'étais où
20%
PICO Bip Bip
0%
Dj Weedim Eazy mélo
0%
La Peee Elle s'appelle Maria
0%
Ghenda Fake
0%
Jogastel Miskeen
0%
Aucun quiz correspondant
Distribution des résultats
% des personnes avec chaque résultat
Percentile par nombre de réponses
Votre historique - résultats
Vous n’avez pas pris ce quiz depuis la dernière actualisation